| 000 | 00509nam a2200169 4500 | ||
|---|---|---|---|
| 001 | 107570 | ||
| 003 | ES-MaACL | ||
| 007 | t| | ||
| 008 | 061121s1954 fr r ||||1| fre d | ||
| 245 | 0 | 3 | _aLa mort et l'au deláa. |
| 260 |
_aParís : _bDesclée de Brouwer, _c1954. |
||
| 300 |
_a186 p., 5 lám ; _c19 cm. |
||
| 490 | 1 |
_aTémoignages. Cahiers de la pierre-qui-vire ; _v41 |
|
| 830 | 0 |
_aTémoignages. Cahiers de la pierre-qui-vire ; _v41 _9183514 |
|
| 852 |
_aES-MaACL _jE-4887 |
||
| 999 |
_c107570 _d107570 |
||